[Event "Aaronson"]
[Site "London"]
[Date "1978.??.??"]
[Round "9"]
[White "Silman, Jeremy D"]
[Black "Speelman, Jonathan S"]
[Result "1-0"]
[WhiteElo "2360"]
[BlackElo "2410"]

1.e4 c5 2.Nf3 Nc6 3.Bb5 Qb6 4.Nc3 e6 5.O-O Nd4 6.Bc4 Ne7 7.d3 a6 8.Nxd4 cxd4
9.Ne2 g6 10.Bg5 Bg7 11.Bb3 Qc5 12.f4 b6 13.f5 gxf5 14.Bxe7 Qxe7 15.exf5 Bb7
16.Ng3 Be5 17.Qh5 Bxg3 18.fxe6 O-O-O 19.exd7+ Rxd7 20.hxg3 Qe3+ 21.Kh2 Rd6
22.Qg4+ Kb8 23.Qf4 Qxf4 24.Rxf4 Re8 25.Raf1 Re2 26.Rf6 Rxg2+ 27.Kh3 Rg1 28.Rxd6 Rxf1
29.Rxb6 Kc7 30.Rb4 Bf3 31.g4 Kd6 32.Rxd4+ Ke5 33.Ra4 h5 34.gxh5 f5 35.Kh4 Bc6
36.Rc4 Bb5 37.Rb4 f4 38.Re4+ Kf6 39.Ba4 Kf5 40.Kh3 Bxa4 41.Rxa4 Rh1+ 42.Kg2 Rc1
43.Rc4 Kg4 44.h6 Rd1 45.h7 Rd2+ 46.Kg1 Rd1+ 47.Kf2 Rd2+ 48.Ke1 Rh2 49.Rc7 f3
50.d4 Kg3 51.Rg7+ Kf4 52.d5  1-0

[Event "Aaronson"]
[Site "London"]
[Date "1978.??.??"]
[Round "10"]
[White "Speelman, Jonathan S"]
[Black "Shapiro, Daniel E"]
[Result "1/2-1/2"]
[WhiteElo "2410"]
[BlackElo "2350"]

1.e4 c5 2.Nf3 Nc6 3.d4 cxd4 4.Nxd4 Nf6 5.Nc3 d6 6.Bg5 Qb6 7.Nb3 e6 8.Qe2 Be7
9.O-O-O O-O 10.f4 Rd8 11.Kb1 a6 12.g4 Qc7 13.Bg2 Nd7 14.Bxe7 Nxe7 15.Qd3 Nb6
16.e5 d5 17.Be4 Ng6 18.Bxg6 fxg6 19.h4 Rf8 20.Rdf1 Bd7 21.h5 g5 22.h6 g6
23.f5 gxf5 24.gxf5 Qxe5 25.Re1 Qf6 26.fxe6 Bxe6 27.Rhf1 Bf5 28.Nxd5 Nxd5
29.Qxd5+ Kh8 30.Nd4 Be6 31.Nxe6 Qxf1 32.Rc1 Qf6 33.a3 Qxh6 34.Nxg5 Qg6 35.Rh1 h6
36.Qd4+ Kg8 37.Qd5+ Kh8 38.Qe5+ Kg8 39.Qd5+ Kh8 40.Qd4+  1/2-1/2

[Event "Lone Pine op"]
[Site "Lone Pine"]
[Date "1978.??.??"]
[Round "1"]
[White "Speelman, Jonathan S"]
[Black "Larsen, Bent"]
[Result "1-0"]
[WhiteElo "2410"]
[BlackElo "2620"]

1.e4 c6 2.c4 e5 3.Nf3 d6 4.d4 Bg4 5.Be2 Nd7 6.Nc3 Be7 7.O-O Ngf6 8.Rb1 O-O
9.Re1 Re8 10.Be3 Bh5 11.Nd2 Bg6 12.d5 a6 13.b4 h5 14.a4 h4 15.h3 Qc7 16.Rb3 a5
17.b5 cxd5 18.Nxd5 Nxd5 19.cxd5 Rec8 20.Bg4 Rf8 21.Qc1 Nc5 22.Bxc5 dxc5 23.b6 Qd8
24.Nc4 Bxe4 25.Rxe4 f5 26.Bxf5 Rxf5 27.d6 Bf6 28.Qd1 Qd7 29.Qg4 Rd8 30.Rb5 Qc8
31.Rxa5 Rf4 32.Qxc8 Rxc8 33.Rxf4 exf4 34.Ra7 Re8 35.Rxb7 Kh7 36.Re7  1-0

[Event "Lone Pine op"]
[Site "Lone Pine"]
[Date "1978.??.??"]
[Round "2"]
[White "Reshevsky, Samuel Herman"]
[Black "Speelman, Jonathan S"]
[Result "1/2-1/2"]
[WhiteElo "2465"]
[BlackElo "2410"]

1.c4 b6 2.Nc3 Bb7 3.d4 e6 4.e3 Nf6 5.Nf3 Bb4 6.Bd3 c5 7.O-O O-O 8.Na4 cxd4
9.exd4 Be7 10.Re1 Re8 11.Bf4 d6 12.Rc1 Nbd7 13.a3 Rc8 14.b4 Nf8 15.c5 Ng6
16.Bg3 Nd5 17.Bb5 Rf8 18.Qd2 Nc7 19.Bf1 Bxf3 20.gxf3 h5 21.cxd6 Bxd6 22.Rc6 Bxg3
23.hxg3 h4 24.Nc3 Ne7 25.Rc4 Nf5 26.Ne2 hxg3 27.fxg3 Nd5 28.Rxc8 Qxc8 29.g4 Nfe3
30.Nf4 Qc7 31.Nh5 Nxf1 32.Rxf1 Qc3 33.Qxc3 Nxc3 34.Kf2 Rc8 35.Nf4 Rc6 36.Ke3 b5
37.g5 Na4 38.Ne2 Nb6 39.Kd3 Nd5 40.f4 Kf8 41.f5 Ke7  1/2-1/2

[Event "Lone Pine op"]
[Site "Lone Pine"]
[Date "1978.??.??"]
[Round "3"]
[White "Speelman, Jonathan S"]
[Black "Ree, Hans"]
[Result "1/2-1/2"]
[WhiteElo "2410"]
[BlackElo "2500"]

1.c4 e5 2.Nc3 d6 3.Nf3 f5 4.d4 e4 5.Bg5 Nf6 6.Nd2 Be7 7.e3 O-O 8.h4 c6 9.Be2 Na6
10.a3 Nc7 11.g4 d5 12.cxd5 cxd5 13.Qb3 Nxg4 14.Bxg4 Bxg5 15.hxg5 fxg4 16.Ndxe4 Be6
17.Ng3 Qxg5 18.Qxb7 Qe7 19.Qb3 Rab8 20.Qc2 g6 21.Rc1 Nb5 22.Na4 Nxd4 23.exd4 Bd7+
24.Kd1 Rxf2 25.Qxf2 Bxa4+ 26.b3 Rxb3 27.Rc8+ Kg7 28.Nf5+ gxf5 29.Rxh7+ Kxh7
30.Qxf5+ Kg7 31.Qxg4+ Kf6 32.Qf4+ Kg6 33.Qg4+ Kf6 34.Qf4+  1/2-1/2

[Event "Lone Pine op"]
[Site "Lone Pine"]
[Date "1978.??.??"]
[Round "4"]
[White "Sahovic, Dragutin"]
[Black "Speelman, Jonathan S"]
[Result "1/2-1/2"]
[WhiteElo "2490"]
[BlackElo "2410"]

1.d4 Nf6 2.Bg5 e6 3.Nc3 h6 4.Bh4 d5 5.Nf3 c6 6.a3 Nbd7 7.Qd3 Be7 8.h3 c5
9.e4 dxe4 10.Nxe4 Nxe4 11.Qxe4 Bxh4 12.Nxh4 O-O 13.Nf3 Qa5+ 14.c3 cxd4 15.Qxd4 e5
16.Qb4 Qc7 17.Qe7 Qb6 18.Qb4 Qc7  1/2-1/2

[Event "Lone Pine op"]
[Site "Lone Pine"]
[Date "1978.??.??"]
[Round "5"]
[White "Browne, Walter S"]
[Black "Speelman, Jonathan S"]
[Result "1-0"]
[WhiteElo "2550"]
[BlackElo "2410"]

1.d4 Nf6 2.c4 e6 3.Nf3 b6 4.g3 Ba6 5.b3 Bb4+ 6.Bd2 Be7 7.Nc3 c6 8.e4 d5 9.e5 Ne4
10.Bd3 Nxd2 11.Qxd2 Bb7 12.cxd5 cxd5 13.O-O Nc6 14.Ne2 Rc8 15.Nf4 Rc7 16.h4 g6
17.Nh3 h6 18.Rac1 Ba3 19.Rc2 Nb4 20.Rxc7 Qxc7 21.Bb1 Ba6 22.Rd1 Qe7 23.Nh2 h5
24.Nf3 Kd7 25.Nfg5 Rc8 26.Nh7 Bb5 27.N3g5 Rc7 28.Kg2 a5 29.f3 Kc8 30.g4 Rc6
31.gxh5 gxh5 32.Nf6 Kb7 33.Kg3 Ka6 34.Bh7 Qc7 35.Ne8 Qd7 36.Nf6 Qc7 37.Nxh5 Bc1
38.Qf2 Rc3 39.Nf4 Bxf4+ 40.Kxf4 f6 41.Nxe6 fxe5+ 42.dxe5 Qxh7 43.Kg3 Nd3
44.Qd4 Qf5 45.Qxc3 Qxe6 46.a4 Bc4 47.bxc4 Qg6+ 48.Kh2 Nf4 49.Rg1 Qf5 50.Rg4 d4
51.Qxd4 Qc2+ 52.Kh1 Nd3 53.Rg2 Qd1+ 54.Kh2 Qxf3 55.Qg4  1-0

[Event "Lone Pine op"]
[Site "Lone Pine"]
[Date "1978.??.??"]
[Round "6"]
[White "Speelman, Jonathan S"]
[Black "Biyiasas, Peter"]
[Result "0-1"]
[WhiteElo "2410"]
[BlackElo "2405"]

1.c4 g6 2.e4 d6 3.d4 e5 4.Nf3 Bg7 5.Nc3 Bg4 6.d5 Nf6 7.h3 Bc8 8.Be3 O-O 9.Be2 Nbd7
10.g4 Nc5 11.Nd2 a5 12.h4 c6 13.h5 Ne8 14.Nf1 cxd5 15.cxd5 gxh5 16.gxh5 Kh8
17.Rg1 Bf6 18.Qd2 Bd7 19.Bh6 Ng7 20.Qe3 Rg8 21.Qf3 Qe7 22.Bb5 Nf5 23.Rxg8+ Rxg8
24.exf5 Bxb5 25.Nxb5 e4 26.Qe2 Nd3+ 27.Kd2 Qe5 28.Ke3 Rg5 29.a4  0-1

[Event "Lone Pine op"]
[Site "Lone Pine"]
[Date "1978.??.??"]
[Round "7"]
[White "Whitehead, Paul A"]
[Black "Speelman, Jonathan S"]
[Result "0-1"]
[WhiteElo "2320"]
[BlackElo "2410"]

1.e4 c5 2.Nf3 Nc6 3.Bb5 Qb6 4.a4 e6 5.O-O a6 6.Bxc6 Qxc6 7.Nc3 b6 8.Re1 Bb7
9.d4 cxd4 10.Nd5 Rc8 11.Qxd4 f6 12.c3 Be7 13.Nxe7 Nxe7 14.Be3 b5 15.axb5 Qxb5
16.Nd2 Nc6 17.Qd6 Ne5 18.f4 Nc4 19.Nxc4 Rxc4 20.Bd4 Rf8 21.b3 Rc6 22.Qa3 Ba8
23.c4 Qb7 24.Re3 Kf7 25.Rd1 Qc7 26.Rf1 Rb8 27.Rg3 a5 28.Rff3 Qd6 29.Qa1 Qb4
30.Bc3 Qf8 31.Bd4 Rcc8 32.Qxa5 Bxe4 33.Re3 Bf5 34.Rgf3 Qd6 35.Qc3 Rxb3 36.Qxb3 Qxd4
37.h3 Rxc4 38.Kh2 Rc2 39.Rc3 Rd2 40.Rc4 Qd5 41.Rcc3 Be4 42.Qxd5 Bxd5 43.Rg3 Rf2
44.Rc7 Bc6 45.Rc3 Kg6 46.R7xc6 dxc6 47.Kg3 Rd2 48.Rxc6 Rd3+ 49.Kf2 Kf5 50.Rc7 Kxf4
51.Rxg7 Rd2+ 52.Kf1 h5 53.Rg6 Kf5 54.Rh6 Kg5 55.Rh8 Rd4 56.Ra8 e5 57.Kf2 Rb4
58.Ra3 Rb2+ 59.Kf1 f5 60.Rg3+ Kf4 61.Rf3+ Ke4 62.Ra3 Rd2 63.Ra5 h4 64.Ra4+ Ke3
65.Ra3+ Rd3 66.Ra1 e4 67.Re1+ Kf4  0-1

[Event "Lone Pine op"]
[Site "Lone Pine"]
[Date "1978.??.??"]
[Round "9"]
[White "Speelman, Jonathan S"]
[Black "Commons, Kim S"]
[Result "1/2-1/2"]
[WhiteElo "2410"]
[BlackElo "2485"]

1.c4 c5 2.Nc3 g6 3.g3 Bg7 4.Bg2 Nc6 5.e3 Bxc3 6.bxc3 b6 7.Ne2 Bb7 8.d3 d6
9.O-O Qd7 10.e4 f5 11.Nf4 O-O-O  1/2-1/2

[Event "Brighton"]
[Site "Brighton"]
[Date "1979.??.??"]
[Round "?"]
[White "MacDonald Ross, Michael"]
[Black "Speelman, Jonathan S"]
[Result "0-1"]
[WhiteElo "2265"]
[BlackElo "2470"]

1.d4 e6 2.Nf3 Nf6 3.e3 b6 4.Bd3 Bb7 5.Nbd2 c5 6.O-O Be7 7.b3 Nc6 8.Bb2 O-O
9.a3 d5 10.Qe2 Qc7 11.Rad1 Rfe8 12.Rfe1 Nd7 13.c4 Bf6 14.Nb1 Na5 15.Qc2 dxc4
16.bxc4 cxd4 17.exd4 Nf8 18.Nc3 Rac8 19.Ne5 Bxe5 20.Rxe5 Nxc4 21.Nb5 Qc6
22.Rg5 Nxb2 23.Qxb2 f6 24.Nxa7 Qa4 25.Rb1 Qxa7 26.Rg3 Bd5 27.h4 Rb8 28.h5 Rec8
29.Qd2 Qc7 30.Qb4 Qf4 31.Qe7 Rb7 32.Bxh7+ Kxh7 33.Rxg7+ Kh6  0-1

[Event "Brighton"]
[Site "Brighton"]
[Date "1979.??.??"]
[Round "?"]
[White "Speelman, Jonathan S"]
[Black "Blackstock, Lesly SF"]
[Result "1-0"]
[WhiteElo "2470"]
[BlackElo "2340"]

1.e4 c5 2.Nf3 e6 3.d4 cxd4 4.Nxd4 a6 5.Bd3 Bc5 6.Nb3 Ba7 7.Qe2 Nc6 8.Be3 Bxe3
9.Qxe3 Nge7 10.Nc3 d6 11.O-O e5 12.Bc4 O-O 13.Rad1 Qc7 14.Qd2 b5 15.Nd5 Nxd5
16.Bxd5 Bb7 17.Rfe1 Rad8 18.Rc1 Ne7 19.c4 Qb6 20.Qa5 Qxa5 21.Nxa5 Bxd5 22.cxd5 Rc8
23.f3 Rxc1 24.Rxc1 Rc8 25.Rxc8+ Nxc8 26.Nc6 Kf8 27.Nb8 a5 28.Nc6 a4 29.Kf2 Nb6
30.Ke2 f5 31.Kd3 fxe4+ 32.fxe4 Nc4 33.b3 axb3 34.axb3 Nb6 35.Kc3 Nd7 36.b4 Nf6
37.Kd3 Ne8 38.Na7 Nc7 39.Nc8 Ne8 40.Ke3 h5 41.g4 g6 42.gxh5 gxh5 43.Kf3 Kf7
44.Kg3 Nf6 45.Nxd6+ Ke7 46.Nf5+ Kd7 47.Kf3 Kc7 48.Nh6 Kc8 49.Nf7 Nd7 50.Nd6+ Kc7
51.Nxb5+ Kb6 52.Nc3 Nf6 53.Kg3 Ng4 54.h3 Ne3 55.Kh4 Nc2 56.b5 Kc5 57.Kxh5 Ne3
58.Kg6 Nc4 59.h4 Kd4 60.h5  1-0

[Event "Brighton"]
[Site "Brighton"]
[Date "1979.??.??"]
[Round "?"]
[White "Speelman, Jonathan S"]
[Black "Fedorowicz, John P"]
[Result "1-0"]
[WhiteElo "2470"]
[BlackElo "2405"]

1.d4 Nf6 2.c4 c5 3.d5 b5 4.cxb5 a6 5.e3 g6 6.Nc3 Bg7 7.Nf3 O-O 8.Be2 d6 9.O-O e6
10.e4 exd5 11.Nxd5 Nxe4 12.Re1 Kh8 13.Bd3 f5 14.Bxe4 fxe4 15.Rxe4 Bf5 16.Bg5 Qc8
17.Re7 Bg4 18.Rxg7 Bxf3 19.Bf6 Rxf6 20.Rxh7+ Kxh7 21.Nxf6+ Kg7 22.Qxf3 Ra7
23.Ng4 Qf5 24.Qc3+ Kh7 25.Qh3+ Kg7 26.Re1  1-0

[Event "Brighton"]
[Site "Brighton"]
[Date "1979.??.??"]
[Round "?"]
[White "Speelman, Jonathan S"]
[Black "Whiteley, Andrew J"]
[Result "1-0"]
[WhiteElo "2470"]
[BlackElo "2370"]

1.c4 c6 2.e4 e5 3.Nf3 d6 4.d4 Nd7 5.Nc3 Ngf6 6.Be2 g6 7.d5 cxd5 8.cxd5 Bg7
9.Be3 O-O 10.Nd2 Ne8 11.O-O f5 12.exf5 gxf5 13.f3 a6 14.a4 Kh8 15.Nc4 Rg8
16.f4 exf4 17.Rxf4 Ne5 18.Nb6 Rb8 19.Nxc8 Qxc8 20.Qd2 Ng6 21.Rc4 Qd7 22.Rf1 Be5
23.Bd3 f4 24.Bd4 Ng7 25.Bxg6 hxg6 26.Rxf4 Bxf4 27.Qxf4 Rgf8 28.Qh6+ Kg8 29.Ne4 Qe7
30.Rc3 Rbc8 31.Rh3 Rc7 32.Qh8+ Kf7 33.Qxg7+ Ke8 34.Qxe7+ Rxe7 35.Nf6+ Kd8
36.Re3 Rxe3 37.Bxe3 Rxf6 38.Bg5 Ke7 39.h4 Kf7 40.Bxf6 Kxf6 41.Kf2 Ke5 42.Ke3  1-0

[Event "Brighton"]
[Site "Brighton"]
[Date "1979.??.??"]
[Round "?"]
[White "Cummings, David H"]
[Black "Speelman, Jonathan S"]
[Result "0-1"]
[WhiteElo "2265"]
[BlackElo "2470"]

1.c4 e6 2.Nf3 Nf6 3.g3 d5 4.Bg2 Be7 5.O-O O-O 6.b3 c5 7.Bb2 Nc6 8.e3 b6 9.Nc3 Bb7
10.cxd5 Nxd5 11.Nxd5 exd5 12.d4 Re8 13.dxc5 bxc5 14.Qd2 Qb6 15.Ne5 Nxe5 16.Bxe5 Bf8
17.Bc3 a5 18.Bxd5 Rad8 19.Bxa5 Rxd5 20.Qxd5 Qa6 21.Qd2 Bf3 22.e4 Rxe4 23.Qc3 Rf4
24.Bc7 Rf5 25.Bf4 Rxf4 26.Qe5 Rf6 27.h3 Qc8 28.Kh2 Qxh3+  0-1

[Event "Brighton"]
[Site "Brighton"]
[Date "1979.??.??"]
[Round "?"]
[White "Goodman, David SC"]
[Black "Speelman, Jonathan S"]
[Result "1/2-1/2"]
[WhiteElo "2340"]
[BlackElo "2470"]

1.d4 e6 2.c4 Nf6 3.Nf3 b6 4.a3 Bb7 5.Nc3 d5 6.cxd5 Nxd5 7.e3 Be7 8.Bb5+ c6
9.Bd3 c5 10.Nxd5 exd5 11.b3 Nd7  1/2-1/2

[Event "BCF-ch"]
[Site "Chester"]
[Date "1979.??.??"]
[Round "1"]
[White "Trevelyan, John D"]
[Black "Speelman, Jonathan S"]
[Result "0-1"]
[WhiteElo "2205"]
[BlackElo "2470"]

1.d4 Nf6 2.c4 e6 3.Nc3 Bb4 4.e3 b6 5.Nf3 Bb7 6.Bd3 O-O 7.O-O c5 8.Qc2 Bxf3
9.gxf3 cxd4 10.Ne4 Nc6 11.a3 Nxe4 12.Bxe4 Bd6 13.Kh1 f5 14.Bxc6 Qh4 15.f4 dxc6
16.Rg1 Rad8 17.b4 e5 18.c5 bxc5 19.bxc5 Bc7 20.Bb2 Rf7 21.Rg2 exf4 22.exf4 Qxf4
23.Rag1 Qf3  0-1

[Event "BCF-ch"]
[Site "Chester"]
[Date "1979.??.??"]
[Round "2"]
[White "Speelman, Jonathan S"]
[Black "Knox, Victor W"]
[Result "1-0"]
[WhiteElo "2470"]
[BlackElo "2345"]

1.Nf3 Nc6 2.d4 d5 3.e3 Bg4 4.h3 Bh5 5.c4 e6 6.cxd5 exd5 7.Nc3 Nf6 8.Qa4 Bxf3
9.gxf3 a6 10.Rg1 g6 11.Bd2 Bg7 12.f4 O-O 13.f5 Qd6 14.O-O-O b5 15.Qc2 Nb4
16.Qb3 c5 17.dxc5 Qxc5 18.fxg6 hxg6 19.Kb1 Nc6 20.Ne2 Ne4 21.Be1 Rfd8 22.Nf4 Nf6
23.Bg2 d4 24.Nd3 Qb6 25.Bxc6 Qxc6 26.Qxf7+ Kh8 27.Qxg6 Ra7 28.Ba5 Rd6 29.Bb4 Re6
30.Nf4 Re4 31.Nh5 d3 32.Bc3  1-0

[Event "BCF-ch"]
[Site "Chester"]
[Date "1979.??.??"]
[Round "3"]
[White "Mestel, A Jonathan"]
[Black "Speelman, Jonathan S"]
[Result "1/2-1/2"]
[WhiteElo "2475"]
[BlackElo "2470"]

1.e4 c5 2.Nf3 Nc6 3.d4 cxd4 4.Nxd4 Nf6 5.Nc3 d6 6.Nb3 e6 7.Be2 Be7 8.O-O O-O
9.Kh1 a6 10.a4 b6 11.Be3 Qc7 12.f4 Na5 13.Nxa5 bxa5 14.Bd3 Rb8 15.Rb1 Rb4
16.Bd2 Rd8 17.Qe1 Qc6 18.Nd1 Rxa4 19.b3 Rxe4 20.Bxe4 Nxe4 21.Bxa5 Re8 22.Nf2 Nc5
23.c4 Bb7 24.Rg1 Bh4 25.Qd2 e5 26.f5 e4 27.Qf4 Bxf2 28.Qxf2 e3 29.Qg3  1/2-1/2

[Event "BCF-ch"]
[Site "Chester"]
[Date "1979.??.??"]
[Round "4"]
[White "Speelman, Jonathan S"]
[Black "Bellin, Robert"]
[Result "1/2-1/2"]
[WhiteElo "2470"]
[BlackElo "2425"]

1.Nf3 e6 2.g3 f5 3.Bg2 Nf6 4.O-O Be7 5.d3 O-O 6.Nc3 d6 7.e4 fxe4 8.dxe4 e5
9.h3 Kh8 10.b3 Qe8 11.Bb2 Nc6 12.Qe2 Qh5 13.Ne1 Bg4 14.f3 Bxh3 15.Nd5 Bxg2
16.Kxg2 Bd8 17.c4 Qg6 18.Rh1 Ne7 19.Nd3 Neg8 20.Rae1 Nxd5 21.cxd5 Bg5 22.Rh3 Rae8
23.Kh1 Bf6 24.f4 c6 25.Qh2  1/2-1/2

[Event "BCF-ch"]
[Site "Chester"]
[Date "1979.??.??"]
[Round "5"]
[White "Large, Peter G"]
[Black "Speelman, Jonathan S"]
[Result "0-1"]
[WhiteElo "2265"]
[BlackElo "2470"]

1.e4 c6 2.d4 d5 3.Nd2 dxe4 4.Nxe4 Nf6 5.Nxf6+ gxf6 6.Bc4 Bf5 7.Ne2 Nd7 8.Ng3 Bg6
9.f4 e6 10.O-O f5 11.c3 Nf6 12.Be3 Bg7 13.Be2 h5 14.h3 Nd5 15.Qd2 Qc7 16.Bd3 h4
17.Ne2 Bh5 18.Nc1 O-O-O 19.Bc2 Rhg8 20.Nd3 Bh6 21.Bb3 Nxe3 22.Qxe3 Rg3 23.Qd2 Rdg8
24.Rae1 Bf3 25.Rxf3 Rxf3 26.Rxe6 fxe6 27.Bxe6+ Kd8 28.Bxg8 Bxf4 29.Qe2 Re3
30.Qf1 Bh2+ 31.Kh1 Bg3 32.Bc4 b5 33.Bb3 Qe7 34.Bc2 Kc7 35.Kg1 Re2 36.Bb1 Qe3+
37.Kh1 f4  0-1

[Event "BCF-ch"]
[Site "Chester"]
[Date "1979.??.??"]
[Round "7"]
[White "Speelman, Jonathan S"]
[Black "Miles, Anthony J"]
[Result "1/2-1/2"]
[WhiteElo "2470"]
[BlackElo "2560"]

1.Nf3 d5 2.c4 d4 3.d3 c5 4.e3 Nc6 5.exd4 cxd4 6.g3 e5 7.Bg2 Bd6 8.O-O Nge7
9.a3 a5 10.Nbd2 O-O 11.Rb1 a4 12.Ne4 Bb8 13.Re1 Kh8 14.Bd2 b6 15.Nh4 Bd7
16.f4 exf4 17.gxf4 Ra7 18.b4 axb3 19.Rxb3 Ng6 20.Nxg6+ fxg6 21.Ng5 Na5 22.Rb2 Nb7
23.Qf3 Nc5 24.Qg3 h6 25.Bd5 hxg5 26.Re5 Bxe5 27.fxe5 g4 28.Rxb6 g5 29.Rg6 Ne6
30.Qxg4 Ra6 31.Bxg5 Nxg5 32.Qh5+ Nh7 33.Rxa6 Qc8 34.Ra8 Qc5 35.Be4 g6 36.Qxg6 Qe7
37.Rxf8+ Nxf8 38.Qh6+ Kg8 39.Bd5+ Be6 40.Be4 Qg7+ 41.Qxg7+ Kxg7 42.a4 Nd7
43.a5  1/2-1/2

[Event "BCF-ch"]
[Site "Chester"]
[Date "1979.??.??"]
[Round "9"]
[White "Short, Nigel D"]
[Black "Speelman, Jonathan S"]
[Result "1-0"]
[WhiteElo "2260"]
[BlackElo "2470"]

1.e4 c6 2.Ne2 d5 3.e5 c5 4.d4 Nc6 5.c3 Bf5 6.dxc5 Nxe5 7.Nd4 Bd7 8.Be2 e6
9.b4 Nf6 10.O-O Be7 11.Be3 O-O 12.Nd2 Qc7 13.f4 Ng6 14.Qe1 b6 15.N4b3 Ba4
16.Rc1 Rfe8 17.Qf2 Bxb3 18.axb3 Rab8 19.cxb6 axb6 20.Bd4 Nd7 21.Bb5 Bd6 22.g3 Re7
23.Nf3 Nc5 24.Qc2 Ne4 25.Qd3 e5 26.fxe5 Nxe5 27.Nxe5 Bxe5 28.c4 Bxd4+ 29.Qxd4 Rc8
30.Kg2 h5 31.cxd5 Qxc1 32.Rxc1 Rxc1 33.Bd3 Re1 34.d6 Nxd6 35.Qxd6 R1e6 36.Qd5 g6
37.b5 Ra7 38.b4 Kg7 39.Bc4 Rf6 40.Qe5  1-0

[Event "BCF-ch"]
[Site "Chester"]
[Date "1979.??.??"]
[Round "10"]
[White "Speelman, Jonathan S"]
[Black "Botterill, George Steven"]
[Result "1/2-1/2"]
[WhiteElo "2470"]
[BlackElo "2390"]

1.e4 e6 2.Qe2 c5 3.Nf3 Nc6 4.g3 g6 5.Bg2 Bg7 6.O-O d6 7.c3 e5 8.Na3 Nge7
9.d4 cxd4 10.cxd4 exd4 11.h3 O-O 12.Rd1 a6 13.Nc2 Qb6 14.Qd2 d5 15.exd5 Nxd5
16.Nfxd4 Nxd4 17.Nxd4 Rd8 18.Nb3 Be6 19.Qa5 Qxa5 20.Nxa5 Nc3 21.Rxd8+ Rxd8
22.Bg5 Rd1+ 23.Rxd1 Nxd1  1/2-1/2

[Event "Hastings7980"]
[Site "Hastings"]
[Date "1979.??.??"]
[Round "2"]
[White "Makarichev, Sergey"]
[Black "Speelman, Jonathan S"]
[Result "1/2-1/2"]
[WhiteElo "2500"]
[BlackElo "2470"]

1.c4 e6 2.Nf3 Nf6 3.b3 Be7 4.Bb2 O-O 5.Nc3 d5 6.e3 c5 7.cxd5 Nxd5 8.Nxd5 exd5
9.Be2 d4 10.Qb1 Bf6 11.O-O Nc6 12.Bb5 Bd7 13.Rc1 b6 14.Bd3 g6 15.exd4 cxd4
16.Be4 Rc8 17.d3 Re8 18.Rc4 b5 19.Rc2 Qb6 20.Qd1 Nb4 21.Rxc8 Rxc8 22.a3 Nc6  1/2-1/2

[Event "Hastings7980"]
[Site "Hastings"]
[Date "1979.??.??"]
[Round "3"]
[White "Speelman, Jonathan S"]
[Black "Giorgadze, Tamaz"]
[Result "1-0"]
[WhiteElo "2470"]
[BlackElo "2535"]

1.e4 e5 2.Nf3 d6 3.d4 exd4 4.Nxd4 Nf6 5.Nc3 Be7 6.g3 d5 7.e5 Ng4 8.e6 Nf6
9.Bh3 Nc6 10.exf7+ Kxf7 11.Bxc8 Qxc8 12.Nf3 Qd7 13.O-O Rhe8 14.Qd3 Rad8 15.Bf4 Bb4
16.Nb5 Ba5 17.c3 Kg8 18.Bg5 Ne5 19.Nxe5 Rxe5 20.Bxf6 gxf6 21.Nd4 Bb6 22.Nf3 Re4
23.Rae1 Qe7 24.Qd1 Qd7 25.Qd3 Qe6 26.Rxe4 Qxe4 27.Qd1 c6 28.Re1 Qg4 29.Re7 Bc5
30.Rxb7 Re8 31.Qd3 Qe4 32.Qxe4 dxe4 33.Nd4 e3 34.fxe3 Rxe3 35.Kf2 Bxd4 36.cxd4 Rd3
37.Ke2 Rxd4 38.Rxa7 c5 39.b3 Re4+ 40.Kd3 Rd4+ 41.Kc3  1-0

[Event "Hastings7980"]
[Site "Hastings"]
[Date "1979.??.??"]
[Round "4"]
[White "Speelman, Jonathan S"]
[Black "Zilber, Israel"]
[Result "1-0"]
[WhiteElo "2470"]
[BlackElo "2410"]

1.e4 c6 2.c4 e5 3.Nf3 d6 4.d4 Bg4 5.Be2 Nd7 6.Nc3 Ne7 7.d5 c5 8.Be3 Ng6 9.g3 Be7
10.h3 Bxf3 11.Bxf3 a6 12.h4 Qa5 13.a4 Bd8 14.Bd2 Qc7 15.Qc2 O-O 16.Nd1 b6
17.Ne3 Rb8 18.Be2 Bf6 19.Ra3 Rfe8 20.h5 Ne7 21.Ng4 Nc8 22.f4 exf4 23.gxf4 Bd4
24.Rg3 Nf6 25.Nxf6+ Bxf6 26.Bc3 Qe7 27.Rhg1 g6 28.hxg6 Bxc3+ 29.Qxc3 fxg6
30.Rxg6+ hxg6 31.Rxg6+ Kh7 32.Rg4 Qf8 33.Rh4+  1-0

[Event "Hastings7980"]
[Site "Hastings"]
[Date "1979.??.??"]
[Round "5"]
[White "Seirawan, Yasser"]
[Black "Speelman, Jonathan S"]
[Result "1/2-1/2"]
[WhiteElo "2485"]
[BlackElo "2470"]

1.c4 e6 2.Nc3 Nf6 3.e4 c5 4.e5 Ng8 5.d4 cxd4 6.Qxd4 Nc6 7.Qe4 d6 8.Nf3 dxe5
9.Nxe5 Bd7 10.Nxd7 Qxd7 11.Bf4 Nf6 12.Qe3 Bb4 13.Rd1 Qe7 14.Be2 e5 15.Bg5 Bxc3+
16.bxc3 h6 17.Bxf6 Qxf6 18.O-O O-O 19.Rd7 b6 20.Qf3 Qxf3 21.Bxf3 Rac8 22.h3 Na5
23.Rxa7 Rxc4 24.Rb1 e4 25.Be2 Rc6 26.Ra6 Nc4 27.Rb4 Rfc8 28.a4 f5 29.g4 fxg4
30.hxg4 Kh7 31.Kg2 R8c7 32.Bxc4 Rxc4 33.Raxb6 e3 34.fxe3 Rxc3 35.Kf3 Rf7+
36.Rf4 Rxf4+ 37.Kxf4 Rc4+ 38.e4 Rxa4 39.Kf5 Ra1 40.e5 Rf1+ 41.Ke6 Re1 42.Kf5 Rf1+
43.Ke6 Re1 44.Kd6 Kg6 45.Rb5 Rd1+ 46.Ke7 Kg5 47.Kf7 Re1 48.Kxg7 Kxg4 49.Kf6 h5
50.e6 h4 51.Re5 Rxe5 52.Kxe5 h3 53.e7 h2 54.e8=Q h1=Q 55.Qg6+ Kh3 56.Qh5+ Kg2
57.Qxh1+ Kxh1  1/2-1/2

[Event "Hastings7980"]
[Site "Hastings"]
[Date "1979.??.??"]
[Round "6"]
[White "Speelman, Jonathan S"]
[Black "Lein, Anatoly"]
[Result "1/2-1/2"]
[WhiteElo "2470"]
[BlackElo "2535"]

1.e4 e5 2.Nf3 Nc6 3.Bc4 Nf6 4.d3 Be7 5.O-O O-O 6.Nbd2 d6 7.c3 Nb8 8.Re1 c6
9.Bb3 Qc7 10.Nf1 Nbd7 11.d4 b5 12.Ng3 Nb6 13.Nh4 g6 14.Bg5 c5 15.f4 Ne8 16.Qd2 Bxg5
17.fxg5 Ng7 18.Rf1 cxd4 19.cxd4 exd4 20.Rac1 Qe7 21.Nf3 Ne6 22.Nxd4 Nxd4
23.Qxd4 Be6 24.Bxe6 Qxe6 25.b3 Rac8 26.Rcd1 Qe5 27.Qxd6 Qxg5 28.e5 Rfd8 29.Qf6 Qxf6
30.exf6 h6 31.Ne4 Rxd1 32.Rxd1 g5 33.Kf2 Kh7 34.g4 Kg6 35.Ke3 h5 36.gxh5+ Kxh5
37.Kf3 Re8 38.h3 Rg8 39.Rd2 Rh8 40.Rg2 Rg8 41.Rd2  1/2-1/2

[Event "Hastings7980"]
[Site "Hastings"]
[Date "1979.??.??"]
[Round "7"]
[White "Raicevic, Vladimir"]
[Black "Speelman, Jonathan S"]
[Result "1/2-1/2"]
[WhiteElo "2440"]
[BlackElo "2470"]

1.c4 e6 2.g3 Nf6 3.Bg2 d5 4.Nf3 Be7 5.O-O O-O 6.d4 dxc4 7.Nbd2 Qd6 8.Nxc4 Qa6
9.Qc2 Bd7 10.Nfe5 Be8 11.e3 Nc6 12.Nd3 Nb4 13.Nxb4 Bxb4 14.Bd2 Bxd2 15.Nxd2 Rc8
16.Rfc1 Bd7 17.b4 Ba4 18.Bxb7 Qxb7 19.Qxa4 e5 20.dxe5 Ng4 21.Rc5 Rcd8 22.Qc2 Rfe8
23.Qe4 Qxe4 24.Nxe4 f5 25.Ng5 Nxe5 26.Rxc7 h6 27.Nh3 g5 28.Rxa7 Rd2 29.b5 g4
30.Nf4 Red8 31.Rf1 Rd1 32.Kg2 R8d2 33.e4 fxe4 34.Nh5 Rxf1 35.Kxf1 Kf8 36.Nf6 e3
37.fxe3 h5 38.b6 Nf3 39.Nh7+ Kg8 40.Nf6+ Kf8 41.Nh7+ Kg8 42.Nf6+  1/2-1/2

[Event "Hastings7980"]
[Site "Hastings"]
[Date "1979.??.??"]
[Round "9"]
[White "Christiansen, Larry Mark"]
[Black "Speelman, Jonathan S"]
[Result "1-0"]
[WhiteElo "2475"]
[BlackElo "2470"]

1.c4 e5 2.Nc3 d6 3.g3 Be6 4.Nf3 Nd7 5.b3 c6 6.d4 Ngf6 7.Bg2 h6 8.Qc2 Bg4
9.e3 Be7 10.O-O O-O 11.Bb2 Re8 12.Nh4 exd4 13.exd4 d5 14.Rfe1 dxc4 15.bxc4 Nb6
16.Nd1 Be6 17.Ne3 Ng4 18.Nhf5 Nxe3 19.Nxe3 Bb4 20.Re2 Qg5 21.Bf3 Qa5 22.a3 Bf8
23.a4 Rac8 24.c5 Nd5 25.Rae1 Nf6 26.Nc4 Qb4 27.Ne5 Nd7 28.Nd3 Qa5 29.Nf4 Nf6
30.Nxe6 fxe6 31.Bc3 Qc7 32.Rxe6 Rxe6 33.Rxe6 Qf7 34.Qe2 Rd8 35.h4 Nd5 36.Ba5 b6
37.cxb6 axb6 38.Bxd5 cxd5 39.Bxb6 Rc8 40.a5 Qf5 41.Re8 Rc1+ 42.Kg2 Kh7 43.Re3 Ra1
44.Rb3 Qc8 45.Qd3+ Kg8 46.Qc3 Qxc3 47.Rxc3 Bb4 48.Rc8+ Kh7 49.Ra8 Be1 50.a6 Ra2
51.a7 Bxf2 52.Kf1  1-0

[Event "Hastings7980"]
[Site "Hastings"]
[Date "1979.??.??"]
[Round "10"]
[White "Speelman, Jonathan S"]
[Black "Nunn, John DM"]
[Result "1/2-1/2"]
[WhiteElo "2470"]
[BlackElo "2500"]

1.e4 d6 2.d4 Nf6 3.Nc3 g6 4.g3 Bg7 5.Bg2 O-O 6.Nge2 e5 7.O-O Nc6 8.dxe5 dxe5
9.Bg5 Nd4 10.Nxd4 exd4 11.Nd5 Be6 12.e5 Bxd5 13.exf6 Re8 14.Qxd4 Bxg2 15.Qxd8 Raxd8
16.Kxg2 h6 17.Be3 Bxf6  1/2-1/2

[Event "Hastings7980"]
[Site "Hastings"]
[Date "1979.??.??"]
[Round "11"]
[White "Liberzon, Vladimir M"]
[Black "Speelman, Jonathan S"]
[Result "1-0"]
[WhiteElo "2515"]
[BlackElo "2470"]

1.e4 c5 2.Nf3 e6 3.d4 cxd4 4.Nxd4 Nc6 5.Nc3 a6 6.g3 Nge7 7.Nb3 d6 8.Bg2 Bd7
9.O-O Nc8 10.a4 Be7 11.a5 O-O 12.Qe2 Bf6 13.Rd1 Qc7 14.f4 Rb8 15.Be3 Rd8
16.Na4 Be8 17.Qd2 d5 18.e5 Be7 19.Nac5 N8a7 20.c3 Nb5 21.Na4 d4 22.cxd4 Bb4
23.Qf2 Nxa5 24.Nxa5 Bxa5 25.d5 exd5 26.Bxd5 Bc6 27.Nb6 Bb4 28.Rac1 Qe7 29.Qf3 Be8
30.Qe4 Ba5 31.Nc4 Bb4 32.Nb6 Ba5 33.f5 Qb4 34.Qxb4 Bxb4 35.Bg5 Kf8 36.Bxd8 Rxd8
37.Kg2 Be7 38.Bxb7 Rb8 39.Nd7+ Bxd7 40.Rxd7 Ke8 41.e6  1-0